My Loving Swami/ (Record no. 216636)
[ view plain ]
| 000 -LEADER | |
|---|---|
| fixed length control field | 00681nam a22002297a 4500 |
| 005 - DATE AND TIME OF LATEST TRANSACTION | |
| control field | 20260616112449.0 |
| 010 ## - LCCN (DPL NO) | |
| LC control number | ENG-148829 ENG-148853 |
| 020 ## - INTERNATIONAL STANDARD BOOK NUMBER | |
| Terms of availability | 105.00 |
| International Standard Book Number | 9789350693254 |
| 020 ## - INTERNATIONAL STANDARD BOOK NUMBER | |
| Terms of availability | 100.00 |
| International Standard Book Number | 9789350693261 |
| 035 ## - SYSTEM CONTROL NUMBER | |
| System control number | EN-132361 |
| 035 ## - SYSTEM CONTROL NUMBER | |
| System control number | EN-132385 |
| 037 ## - SOURCE OF ACQUISITION | |
| Source of stock number/acquisition | DBAD |
| 082 ## - DEWEY DECIMAL CLASSIFICATION NUMBER | |
| Classification number | 230.2 |
| Edition number | 1 |
| 100 ## - MAIN ENTRY--PERSONAL NAME | |
| Personal name | Balasubramanyam |
| 245 ## - TITLE STATEMENT | |
| Title | My Loving Swami/ |
| Statement of responsibility, etc | Balasubramanyam |
| 250 ## - EDITION STATEMENT | |
| Edition statement | 1 |
| 260 ## - PUBLICATION, DISTRIBUTION, ETC. (IMPRINT) | |
| Place of publication, distribution, etc | Andhra Pradesh |
| Name of publisher, distributor, etc | Sri Sathya sai Sadhana Trust |
| Date of publication, distribution, etc | 2021 |
| 270 ## - ADDRESS | |
| City | Prasanthi Nilayam |
| Address | Anantapur Distric |
| Postal code | 515134 |
| Electronic mail address | orders@sssbpt.org |
| Telephone number | 011-287375 |
| Fax number | 287236 |
| 300 ## - PHYSICAL DESCRIPTION | |
| Extent | 208p. |
| Dimensions | 22cm(pb) |
| 490 ## - SERIES STATEMENT | |
| Volume number/sequential designation | 1,2 |
| 942 ## - ADDED ENTRY ELEMENTS (KOHA) | |
| Source of classification or shelving scheme | Dewey Decimal Classification |
| Item type | English Books |
| Classification part | 230.2 |
| Call number suffix | BAL |
| Withdrawn status | Lost status | Materials specified (bound volume or other part) | Not for loan | Collection code | Home library | Current library | Date acquired | Source of acquisition | Cost, normal purchase price | Full call number | Barcode | Copy number | Cost, replacement price | Koha item type |
|---|---|---|---|---|---|---|---|---|---|---|---|---|---|---|
| Part 1 | Not For Loan | Non-fiction | D.B.Act.Division | D.B.Act.Division | 12/06/2026 | Delivery of Books Act Division | 105.00 | 230.2 BAL | EN-132361 | 1 | 105.00 | English Books | ||
| Part 2 | Not For Loan | Non-fiction | D.B.Act.Division | D.B.Act.Division | 16/06/2026 | Delivery of Books Act Division | 100.00 | 230.2 BAL | EN-132385 | 1 | 100.00 | English Books |
